| 000 | 00368nam a2200121Ia 4500 | ||
|---|---|---|---|
| 008 | 220616s9999||||xx |||||||||||||| ||und|| | ||
| 245 | 0 | _aAdvanced Bariatric and Metabolic Surgery | |
| 546 | _aEnglish[eng] | ||
| 650 | _aGeneral surgery | ||
| 700 | _aHuang, Chih-Kun | ||
| 856 | _uhttps://mts.intechopen.com/storage/books/556/authors_book/authors_book.pdf | ||
| 942 | _cEB | ||
| 999 |
_c19997 _d19997 |
||